| 000 | 00871nam a2200253Ia 4500 | ||
|---|---|---|---|
| 003 | OSt | ||
| 005 | 20220923214331.0 | ||
| 006 | a|||||r|||| 00| 0 | ||
| 007 | ta | ||
| 008 | 220922b |||||||| |||| 00| 0 hin d | ||
| 024 | _a168,939 | ||
| 037 | _cTextual | ||
| 040 |
_aARTS _cARTS _bhin |
||
| 041 |
_2hin _ahin |
||
| 082 | _aO152:1I83:11:9, L2;L7(WPH) | ||
| 100 | _aवर्मा, धीरेन्द्र, संपा. | ||
| 245 | 0 | _aसूरसागर सार सटीक | |
| 246 | _aSūrasāgar sār saṭīka | ||
| 250 | _aसंस्क0 3 | ||
| 260 |
_aइलाहाबाद _b साहित्य भवन प्रा0 लि0 _c1977 |
||
| 300 |
_a397 पृ. _ccm. |
||
| 942 |
_hO152:1I83:11:9, L2;L7(WPH) _cTEXL _2CC |
||
| 999 |
_c323406 _d323406 |
||